Sous-Préfectures de la Région Occitanie - Statistiques

Statistiques générales
  • Ce quiz a été pris 278 fois
  • Le résultat moyen est 24 sur 36
Statistiques - réponses
Hint Réponse % Correct
Haute-Garonne Préfecture Toulouse
97%
Hérault Préfecture Montpellier
95%
Aude Préfecture Carcassonne
94%
Gard Préfecture Nîmes
93%
Ariège Préfecture Foix
92%
Pyrénées-Orientales Préfecture Perpignan
92%
Aude Sous-Préfecture Narbonne
90%
Aveyron Préfecture Rodez
90%
Hautes-Pyrénées Préfecture Tarbes
89%
Tarn Préfecture Albi
88%
Tarn-et-Garonne Préfecture Montauban
88%
Gers Préfecture Auch
86%
Hérault Sous-Préfecture Béziers
86%
Lot Préfecture Cahors
82%
Lozère Préfecture Mende
82%
Tarn Sous-Préfecture Castres
77%
Aveyron Sous-Préfecture Millau
77%
Gard Sous-Préfecture Alès
70%
Ariège Sous-Préfecture Pamiers
70%
Haute-Garonne Sous-Préfecture Saint-Gaudens
59%
Haute-Garonne Sous-Préfecture Muret
58%
Lot Sous-Préfecture Figeac
57%
Gers Sous-Préfecture Condom
56%
Tarn-et-Garonne Sous-Préfecture Castelsarrasin
54%
Aude Sous-Préfecture Limoux
53%
Ariège Sous-Préfecture Saint-Girons
50%
Aveyron Sous-Préfecture Villefranche-de-Rouergue
49%
Lozère Sous-Préfecture Florac
47%
Pyrénées-Orientales Sous-Préfecture Céret
46%
Hérault Sous-Préfecture Lodève
45%
Pyrénées-Orientales Sous-Préfecture Prades
45%
Gard Sous-Préfecture Le Vigan
41%
Hautes-Pyrénées Sous-Préfecture Argelès-Gazost
40%
Gers Sous-Préfecture Mirande
39%
Lot Sous-Préfecture Gourdon
37%
Hautes-Pyrénées Sous-Préfecture Bagnères-de-Bigorre
34%
Aucun quiz correspondant
Distribution des résultats
% des personnes avec chaque résultat
Percentile par nombre de réponses
Votre historique - résultats
Vous n’avez pas pris ce quiz